02364agaaa2200301 45000010005000000030009000050050017000140070009000310080040000400400023000800410013001031000045001161300033001612450201001942500022003952600094004173000033005115080170005445110053007145200955007675380016017225460013017386500058017517000062018097000064018717000070019357000057020059554IT-RoPAU20220918181225.0d cvaizq50131s9999||||xx ||| | || ||und|| aIT-RoPAUcIT-RoPAU aITALIANO aRusso MimmagCodice regista SPICS: 56127 aVANGELO SECONDO LA VITA (IL) aVANGELO SECONDO LA VITA (IL)cProdotto da: Multimedia San Paolo -- Sceneggiatura: Roberto Di Diodato -- Diretto da: Russo MimmapVANGELO SECONDO LA VITA (IL) (Rif. Codice opera principale : G9554) aEdizione Standard aMILANO (ITALIA)bMULTIMEDIA SAN PAOLO / g"2002 (1° ed.: 2002 ; Ed. Lingua Orig.: 2002)" aVHSbsonoro, col.c42 minuti a"Fotografia: Mimma Russo; Montaggio: Maurizio Alba; Musica: Benjamin Jean-Marie; Sceneggiatura: Roberto Di Diodato; Soggetto: Cattaneo Armando -- Di Diodato Roberto" a"Paolino; Campus; Marco; Baldi; Alberto; Alfano" a"IN UN ACCAMPAMENTO ISOLATO NEI PRESSI DEL FIUME GIORDANO, SOPRAVVIVE UNA TRIBU' DI NOMADI, FORSE DISCENDENTI DI UNA DELLE DODICI TRIBU' DI ISRAELE. AQUESTA TRIBU' APPARTIENE AWAD, UN RAGAZZO CHE CI ACCOMPAGNA NEL NOSTRO VIAGGIO DENTRO IL VANGELO. QUESTO VIDEO NASCE TRA LA GENTE CHE CONSERVA ANCORAOGGI TRATTI DEL VOLTO DI GESU'. LE PAGINE DEL VANGELO SONO AMBIENTATE NON NEI ""LUOGHI SANTI"" TRADIZIONALI MA IN SITUAZIONI VERE E QUOTIDIANE, DOVE LEPAROLE E LE IMMAGINI TROVANO UNA INCARNAZIONE SORPRENDENTE E MIRACOLOSA. 19 EPISODI: IN PRINCIPIO LA PAROLA; L'ANNUNCIAZIONE; IL SOLE DI GIUSTIZIA; LA STRAGE DEGLI INNOCENTI; LE TENTAZIONI NEL DESERTO; LE NOZZE DI CANA; GESU' E NICODEMO; IL SEMINATORE; LA PECORA SMARRITA; PADRE NOSTRO; LA RAGAZZINARISUSCITATA; LA TEMPESTA PLACATA; IL MIO PESO E' LEGGERO; LA TRASFIGURAZIONE; LAZZARO; L'ULTIMA CENA; IL CAMPO DEGLI ULIVI; LA CROCIFISSIONE; LA RISURREZIONE DI GESU'. DOCUMENTARIO A COLORI PER TUTTI." aPAL, STEREO aITALIANO aDOCUMENTARIOeFILMS [VHS]xCodice MATERIA SPICS: 9960 aBenjamin Jean-Mariee(musica)gCodice Musica SPICS: 30716 aCattaneo Armando e(soggetto)gCodice Soggetto SPICS: 54932 aDi Diodato Roberto e(soggetto)gCodice Soggetto 2° SPICS: 55765 aRusso Mimma e(regista)gCodice regista SPICS: 56127